The Walking Dead Character Deaths - Statistics

General Stats
  • This quiz has been taken 915 times
  • The average score is 13 of 15
Answer Stats
Hint Answer % Correct
Rick killed his best friend in Season 2? Who was it? Shane
94%
The Governor decapitated which character in Season 4? Hershel
93%
Which character died as a kid in a barn? Sophia
91%
Who got Lucille second? Glenn
90%
Who died during an emergency C-section? Lori
90%
Who died in a tent in Season 1? Ed
89%
Who died while saving Carols life? T-Dog
89%
Which character got Lucille first? Abraham
88%
What character was bitten by zombified Milton? Andrea
87%
Who died on their way to the toilet in Season 1? Amy
85%
Who died from a bite and a missing leg by the cannibals? Bob
84%
Stomach was torn open by a walker. Dale
79%
Died in a revolving door. Noah
79%
Who got a crossbow arrow shot in the eye? Denise
65%
Got eaten by his zombified mother. Who? Duane
52%
No matching quizzes found
Score Distribution
Percent of People with Each Score
Percentile by Number Answered
Your Score History
You have not taken this quiz